00423nam a22001457a 450000500170000000800410001702000150005804100130007308200130008610000120009924500610011126000520017230000280022465000250025220240830100239.0240830b |||||||| |||| 00| 0 eng d a0198602618 aEnglish  a349 NEW  lEnglish aThe New Oxford Thesaurus of English cedited by P Hanks  aNew York: bOxford University Press Inc. c2000 bix, 1087 pages;c29 cm. aLegal Practice bLaw